Los Caprichos de Goya y sus dibujos preparatorios / (Record no. 137513)

MARC details
000 -LEADER
campo de control de longitud fija 00721nam a2200193 i 4500
001 - NÚMERO DE CONTROL
campo de control 137513
003 - IDENTIFICADOR DE NÚMERO DE CONTROL
campo de control ES-MaACL
005 - FECHA Y HORA DE LA ÚLTIMA TRANSACCIÓN
campo de control 20240318160902.0
007 - CAMPO FIJO DE DESCRIPCIÓN FÍSICA--INFORMACIÓN GENERAL
campo de control de longitud fija t|
008 - DATOS DE LONGITUD FIJA--INFORMACIÓN GENERAL
campo de control de longitud fija 070214s1949 sp f |||| | spa d
100 1# - ENTRADA PRINCIPAL--NOMBRE DE PERSONA
Nombre de persona Sánchez Cantón, Francisco Javier,
Fechas asociadas al nombre 1891-1971
9 (RLIN) 102521
245 14 - MENCIÓN DEL TÍTULO
Título Los Caprichos de Goya y sus dibujos preparatorios /
Mención de responsabilidad, etc. estudio prelliminar y notas de Francisco Javier Sánchez Cantón.
260 ## - PUBLICACIÓN, DISTRIBUCIÓN, ETC.
Lugar de publicación, distribución, etc. Barcelona :
Nombre del editor, distribuidor, etc. Instituto Amatller de Arte Hispánico,
Fecha de publicación, distribución, etc. 1949.
300 ## - DESCRIPCIÓN FÍSICA
Extensión 105 p., 186 lám. ;
Dimensiones 30 cm.
600 17 - PUNTO DE ACCESO ADICIONAL DE MATERIA--NOMBRE DE PERSONA
Nombre de persona Goya, Francisco de,
Fechas asociadas al nombre 1746-1828.
Título de la obra Los caprichos
Fuente del encabezamiento o término
9 (RLIN) 150780
710 2# - ENTRADA AGREGADA--NOMBRE DE ENTIDAD CORPORATIVA
Nombre de entidad corporativa o nombre de jurisdicción como elemento de entrada Instituto Amatller de Arte Hispánico.
9 (RLIN) 4792
852 ## - LOCALIZACIÓN
Ubicación ES-MaACL
Número de control de estantería D-7038
Holdings
Estatus retirado Estado de pérdida Estado de daño No para préstamo Biblioteca de origen Biblioteca actual Ubicación en estantería Fecha de adquisición Fuente de adquisición Total de préstamos Signatura topográfica completa Código de barras Visto por última vez Precio de reemplazo Tipo de ítem Koha
        Biblioteca del Ateneo de Madrid Biblioteca del Ateneo de Madrid Sala Valle Inclán 17/01/2008     D-7038 901143101 23/02/2023 23/02/2023 Libro impreso